[Event "Albert Boxer Classic"]
[Site "Winnipeg CAN"]
[Date "1998.09.07"]
[Round "6"]
[White "Huggan, Philip"]
[Black "Xia, Yanchong"]
[Result "1/2-1/2"]
[WhiteElo "1640"]
[BlackElo "1353"]
[PlyCount "118"]
[GameId "2160767911806452"]
[EventDate "1998.09.05"]
[EventType "swiss"]
[EventRounds "5"]
[EventCountry "CAN"]

1. e4 c5 2. Nf3 Nc6 3. d4 cxd4 4. Nxd4 Nf6 5. Nc3 e5 6. Ndb5 d6 7. a4 Be7 8. f3 O-O 9. Bc4 Be6 10. Bxe6 fxe6 11. O-O a6 12. Na3 d5 13. Bg5 Qb6+ 14. Kh1 Qxb2 15. Bd2 d4 16. Ra2 Qb6 17. Ne2 Rac8 18. Qb1 Qc7 19. Nc4 Nb4 20. Bxb4 Bxb4 21. Nxe5 Qxe5 22. Qxb4 Nxe4 23. Qxd4 Qxd4 24. Nxd4 e5 25. Raa1 exd4 26. fxe4 Rxc2 27. Rxf8+ Kxf8 28. Rd1 d3 29. Kg1 d2 30. Kf2 Ke7 31. Ke3 Ke6 32. Rxd2 Rxd2 33. Kxd2 Ke5 34. Kd3 b5 35. a5 h5 36. g3 g5 37. h3 h4 38. g4 b4 39. Kc4 Kxe4 40. Kxb4 Kd5 41. Kc3 Kc5 42. Kd3 Kb5 43. Ke4 Kxa5 44. Kf5 Kb5 45. Kxg5 a5 46. Kxh4 Kc6 47. g5 a4 48. g6 a3 49. g7 a2 50. g8=Q a1=Q 51. Kh5 Qe5+ 52. Kh6 Qf4+ 53. Qg5 Qf8+ 54. Kh5 Qf3+ 55. Kh4 Qf2+ 56. Qg3 Qf6+ 57. Kh5 Qf5+ 58. Kh6 Qf8+ 59. Kh7 Qf7+ 1/2-1/2

[Event "Albert Boxer Classic"]
[Site "Winnipeg CAN"]
[Date "1998.09.07"]
[Round "6"]
[White "Kaptsan, Aron"]
[Black "Gushuliak, Justin"]
[Result "1-0"]
[WhiteElo "2146"]
[BlackElo "1963"]
[PlyCount "51"]
[GameId "2160767911806453"]
[EventDate "1998.09.05"]
[EventType "swiss"]
[EventRounds "5"]
[EventCountry "CAN"]

1. d4 Nf6 2. c4 e6 3. Nc3 Bb4 4. e3 O-O 5. Bd3 c5 6. Nge2 cxd4 7. exd4 b6 8. O-O d5 9. Bg5 Bb7 10. cxd5 exd5 11. Rc1 Nbd7 12. Qb3 Be7 13. Ng3 h6 14. Bf4 Re8 15. Nb5 Rf8 16. Nf5 Ne8 17. Rfe1 Bg5 18. Bxg5 Qxg5 19. Nbd6 Nxd6 20. Nxd6 Bc8 21. Bf5 Nc5 22. dxc5 Bxf5 23. Qxd5 Be6 24. Qxg5 hxg5 25. c6 Rfd8 26. Red1 1-0

[Event "Albert Boxer Classic"]
[Site "Winnipeg CAN"]
[Date "1998.09.07"]
[Round "6"]
[White "Park, Kent"]
[Black "Gustafson, Dale"]
[Result "0-1"]
[WhiteElo "1790"]
[BlackElo "1963"]
[PlyCount "52"]
[GameId "2160767911806454"]
[EventDate "1998.09.05"]
[EventType "swiss"]
[EventRounds "5"]
[EventCountry "CAN"]

1. c4 e5 2. Nc3 Nc6 3. g3 g6 4. Bg2 Bg7 5. d3 d6 6. e3 Be6 7. Nge2 Qd7 8. Nd5 Nge7 9. O-O O-O-O 10. Rb1 Bh3 11. b4 Bxg2 12. Kxg2 Nxd5 13. cxd5 Ne7 14. Qb3 f5 15. f4 Qb5 16. a4 Qxd5+ 17. Kf2 Qxb3 18. Rxb3 h5 19. h4 Ng8 20. Bb2 Nh6 21. d4 Ng4+ 22. Ke1 Rhe8 23. Kd2 exd4 24. Bxd4 Bxd4 25. Nxd4 Nf6 26. Ne2 Re7 0-1

[Event "Albert Boxer Classic"]
[Site "Winnipeg CAN"]
[Date "1998.09.07"]
[Round "6"]
[White "Schulz, Waldemar"]
[Black "Nikouline, Alexandre"]
[Result "1/2-1/2"]
[WhiteElo "2045"]
[BlackElo "2070"]
[PlyCount "57"]
[GameId "2160767911806455"]
[EventDate "1998.09.05"]
[EventType "swiss"]
[EventRounds "5"]
[EventCountry "CAN"]

1. Nf3 Nf6 2. g3 e6 3. Bg2 Be7 4. O-O c5 5. c4 O-O 6. Nc3 Nc6 7. d4 d5 8. cxd5 Nxd5 9. Nxd5 Qxd5 10. dxc5 Bxc5 11. Qxd5 exd5 12. Rd1 Be6 13. a3 Rac8 14. b4 Bb6 15. Bb2 Ne7 16. Rd2 a5 17. Ne5 Rc7 18. Nd3 Rfc8 19. Rc1 Nc6 20. Rdc2 axb4 21. axb4 Ne7 22. Rxc7 Rxc7 23. Rxc7 Bxc7 24. e4 dxe4 25. Bxe4 Bd5 26. Bxd5 Nxd5 27. Kf1 f6 28. Ke2 Kf7 29. Nc5 1/2-1/2

[Event "Alberta Reserves"]
[Site "Edmonton CAN"]
[Date "1998.04.11"]
[Round "3"]
[White "Nystrom, Kurtis"]
[Black "Kazakevich, Anastasia"]
[Result "1-0"]
[WhiteElo "1714"]
[BlackElo "1314"]
[PlyCount "57"]
[GameId "2160767911873489"]
[EventDate "1998.04.10"]
[EventType "swiss"]
[EventRounds "5"]
[EventCountry "CAN"]
[SourceTitle "Albertabase"]
[SourceDate "2003.08.17"]
[SourceVersion "1"]
[SourceVersionDate "2003.08.17"]
[SourceQuality "1"]

1. d4 d5 2. c4 dxc4 3. Nc3 Nf6 4. Bg5 e6 5. e3 Nc6 6. Nf3 Bd6 7. Bxc4 h6 8. Bxf6 Qxf6 9. a3 e5 10. Ne4 Qg6 11. Nxd6+ cxd6 12. d5 Ne7 13. Bb5+ Bd7 14. Bxd7+ Kxd7 15. Qa4+ Kd8 16. e4 Nc8 17. O-O Ke7 18. Rac1 Nb6 19. Rc7+ Kd8 20. Qc2 Rc8 21. Rxc8+ Nxc8 22. Rc1 Ke7 23. Nh4 Qg5 24. Nf5+ Kf6 25. h4 Qh5 26. f3 Ne7 27. Nxe7 Kxe7 28. Qc7+ Kf6 29. Qxd6# 1-0

[Event "Alberta Reserves"]
[Site "Edmonton CAN"]
[Date "1998.04.12"]
[Round "4"]
[White "Haynes, Nicolas"]
[Black "Kazakevich, Anastasia"]
[Result "1-0"]
[WhiteElo "1384"]
[BlackElo "1314"]
[PlyCount "48"]
[GameId "2160767911873490"]
[EventDate "1998.04.10"]
[EventType "swiss"]
[EventRounds "5"]
[EventCountry "CAN"]
[SourceTitle "Albertabase"]
[SourceDate "2003.08.17"]
[SourceVersion "1"]
[SourceVersionDate "2003.08.17"]
[SourceQuality "1"]

1. e4 e5 2. Nf3 Nc6 3. Bc4 Nf6 4. Ng5 d5 5. exd5 Nxd5 6. Nxf7 Kxf7 7. Qf3+ Ke8 8. Bxd5 Qf6 9. Bxc6+ Qxc6 10. Qh5+ g6 11. Qxe5+ Qe6 12. d4 Bc5 13. Qxe6+ Bxe6 14. dxc5 Kd7 15. Nc3 Rhe8 16. Be3 Rad8 17. O-O-O+ Kc8 18. Rxd8+ Rxd8 19. Rd1 Rf8 20. c6 b6 21. Ne4 h5 22. Re1 Bd5 23. f3 Bxc6 24. Ng5 Kd7 1-0

[Event "Alberta Reserves"]
[Site "Edmonton CAN"]
[Date "1998.04.12"]
[Round "5"]
[White "Kazakevich, Anastasia"]
[Black "Gibson, Vince"]
[Result "1/2-1/2"]
[WhiteElo "1314"]
[BlackElo "1472"]
[PlyCount "109"]
[GameId "2160767911873491"]
[EventDate "1998.04.10"]
[EventType "swiss"]
[EventRounds "5"]
[EventCountry "CAN"]
[SourceTitle "Albertabase"]
[SourceDate "2003.08.17"]
[SourceVersion "1"]
[SourceVersionDate "2003.08.17"]
[SourceQuality "1"]

1. d4 Nc6 2. e3 e5 3. c4 Bb4+ 4. Nc3 exd4 5. exd4 Nf6 6. a3 Bxc3+ 7. bxc3 d5 8. Nf3 h6 9. Bd3 O-O 10. O-O Re8 11. Bf4 Bg4 12. h3 Nh5 13. Be3 Be6 14. Qd2 dxc4 15. Bc2 Qf6 16. Rfe1 Bf5 17. Bxf5 Qxf5 18. Rad1 Qh7 19. Bf4 Nxf4 20. Qxf4 Rxe1+ 21. Rxe1 Qd3 22. Qd2 Qxd2 23. Nxd2 Na5 24. Re5 b6 25. Kf1 Kf8 26. Ke2 Re8 27. Rxe8+ Kxe8 28. Kd1 b5 29. Nf1 Kd7 30. Kc2 Kd6 31. Ne3 c5 32. dxc5+ Kxc5 33. Nf5 Nc6 34. Nxg7 Ne5 35. Nf5 Nd3 36. Nxh6 Ne1+ 37. Kb2 Nxg2 38. Nxf7 Ne1 39. h4 Kd5 40. h5 Nd3+ 41. Kc2 Ke6 42. Nd8+ Kf6 43. Nc6 a6 44. Nb8 Nc5 45. Kd2 a5 46. Ke3 a4 47. Kd4 Nb3+ 48. Ke4 Kg5 49. f4+ Kxh5 50. Ke5 b4 51. f5 bxa3 52. f6 a2 53. f7 a1=Q 54. f8=Q Qxc3+ 55. Ke6 1/2-1/2

[Event "Alberta op"]
[Site "Calgary CAN"]
[Date "1998.10.10"]
[Round "1"]
[White "Grumic, Sasha"]
[Black "Tam, Eric"]
[Result "1/2-1/2"]
[WhiteElo "2178"]
[BlackElo "1709"]
[PlyCount "94"]
[GameId "2160767911806264"]
[EventDate "1998.10.10"]
[EventType "swiss"]
[EventRounds "6"]
[EventCountry "CAN"]
[SourceTitle "EXT 2017"]
[Source "ChessBase"]
[SourceDate "2016.10.25"]
[SourceVersion "1"]
[SourceVersionDate "2016.10.25"]
[SourceQuality "1"]

1. e4 c5 2. d4 cxd4 3. c3 Nf6 4. e5 Nd5 5. Nf3 e6 6. cxd4 d6 7. Nc3 dxe5 8. Nxe5 Bb4 9. Bd2 Bxc3 10. bxc3 Nd7 11. Qh5 O-O 12. Bd3 N5f6 13. Qh3 Qc7 14. O-O Nc5 15. Bc2 Nce4 16. Be3 Nxc3 17. Rfe1 b5 18. Rac1 Bb7 19. Bd2 b4 20. Ng4 Nfe4 21. Bxe4 Bxe4 22. Bxc3 bxc3 23. Rxe4 f5 24. Rxc3 fxg4 25. Qe3 Qa5 26. a3 Rab8 27. Rb3 Rxb3 28. Qxb3 Qd2 29. Qe3 Qd1+ 30. Qe1 Qxe1+ 31. Rxe1 Kf7 32. Kf1 Rd8 33. Rc1 Rxd4 34. Rc7+ Kf6 35. Rxa7 Rd2 36. h3 gxh3 37. gxh3 Ra2 38. Kg2 h5 39. a4 g5 40. a5 g4 41. h4 Ra3 42. a6 Kg6 43. Ra8 Kg7 44. a7 Kh7 45. Kf1 Ra2 46. Ke1 Kg7 47. Kd1 e5 1/2-1/2

[Event "Alberta op"]
[Site "Calgary CAN"]
[Date "1998.10.10"]
[Round "1"]
[White "Haessel, Dale"]
[Black "Davies, Bob"]
[Result "1/2-1/2"]
[WhiteElo "2310"]
[BlackElo "1703"]
[PlyCount "120"]
[GameId "2160767911806265"]
[EventDate "1998.10.10"]
[EventType "swiss"]
[EventRounds "6"]
[EventCountry "CAN"]
[SourceTitle "EXT 2017"]
[Source "ChessBase"]
[SourceDate "2016.10.25"]
[SourceVersion "1"]
[SourceVersionDate "2016.10.25"]
[SourceQuality "1"]

1. e4 e5 2. Nf3 Nf6 3. d4 exd4 4. e5 Ne4 5. Qxd4 d5 6. exd6 Nxd6 7. Nc3 Nc6 8. Qf4 g6 9. Be3 Bg7 10. O-O-O O-O 11. Ne4 Qe7 12. Nxd6 cxd6 13. Qxd6 Rd8 14. Qxe7 Rxd1+ 15. Kxd1 Nxe7 16. c3 Bg4 17. Be2 Nd5 18. Bg5 h6 19. Bd2 Rd8 20. Kc1 Re8 21. Re1 Nf6 22. Bd1 Be6 23. Nd4 Bd7 24. Bf3 Rd8 25. Bxb7 Ng4 26. f3 Nf2 27. Re2 Nd3+ 28. Kc2 Bxd4 29. cxd4 Rb8 30. Be4 Nxb2 31. Bxh6 Ba4+ 32. Kc1 Nc4 33. Bf4 Rc8 34. Bb7 Rd8 35. d5 Na5 36. Re4 Bb5 37. Rb4 a6 38. a4 Nxb7 39. axb5 Nc5 40. Rc4 Nd3+ 41. Kc2 axb5 42. Kxd3 bxc4+ 43. Kxc4 Kf8 44. g4 Ke8 45. h4 Ra8 46. Be5 Ra3 47. Bc3 Ra2 48. Kd3 Rh2 49. Bf6 Rh1 50. Ke4 Kd7 51. Bg5 Re1+ 52. Be3 Rh1 53. Bf2 Rh2 54. Bg3 Rh1 55. f4 Rg1 56. Kf3 Rd1 57. Ke4 Rg1 58. Kf3 Rd1 59. Ke4 Rg1 60. Kf3 Rd1 1/2-1/2

[Event "Alberta op"]
[Site "Calgary CAN"]
[Date "1998.10.10"]
[Round "1"]
[White "Olson, Hans"]
[Black "Huber, Gregory"]
[Result "1/2-1/2"]
[WhiteElo "1850"]
[BlackElo "2354"]
[PlyCount "124"]
[GameId "2160767911806266"]
[EventDate "1998.10.10"]
[EventType "swiss"]
[EventRounds "6"]
[EventCountry "CAN"]
[SourceTitle "EXT 2017"]
[Source "ChessBase"]
[SourceDate "2016.10.25"]
[SourceVersion "1"]
[SourceVersionDate "2016.10.25"]
[SourceQuality "1"]

1. e4 c5 2. d4 cxd4 3. c3 Nf6 4. e5 Nd5 5. Nf3 e6 6. cxd4 d6 7. Bb5+ Bd7 8. Bxd7+ Qxd7 9. O-O Nc6 10. Bd2 Be7 11. Nc3 Nxc3 12. Bxc3 d5 13. Qd2 O-O 14. Rac1 b5 15. a3 a5 16. Qe2 b4 17. axb4 axb4 18. Bd2 Ra2 19. Qb5 Nxe5 20. Qxd7 Nxd7 21. Rc7 Rd8 22. Ne5 Nxe5 23. dxe5 Kf8 24. Rb1 Rda8 25. Kf1 Ke8 26. Rb7 Ra1 27. Rxa1 Rxa1+ 28. Ke2 Rb1 29. Rb8+ Kd7 30. Rb7+ Kd8 31. Be3 Rxb2+ 32. Kd1 f6 33. Bb6+ Ke8 34. Rb8+ Kf7 35. Rb7 Ke8 36. Rb8+ Kd7 37. Bd4 Ra2 38. Rb7+ Kd8 39. Bb6+ Ke8 40. Rb8+ Kd7 41. Rb7+ Kc6 42. Rxe7 Kxb6 43. Rxe6+ Kc5 44. exf6 Rxf2 45. fxg7 Rxg2 46. Re7 Kc4 47. Rf7 d4 48. h4 h5 49. Kc1 Kc3 50. Rc7+ Kb3 51. Rd7 Rg4 52. Rxd4 Rxg7 53. Rd5 Rg1+ 54. Kd2 Kc4 55. Rxh5 Rh1 56. Rh8 Kb3 57. h5 Ka2 58. h6 b3 59. h7 Kb1 60. Rb8 Rh2+ 61. Kc3 Rh3+ 62. Kd2 Rxh7 1/2-1/2

[Event "Alberta op"]
[Site "Calgary CAN"]
[Date "1998.10.10"]
[Round "1"]
[White "Ottosen, David"]
[Black "Zaradic, Anthony"]
[Result "1/2-1/2"]
[WhiteElo "2095"]
[BlackElo "1689"]
[PlyCount "46"]
[GameId "2160767911806267"]
[EventDate "1998.10.10"]
[EventType "swiss"]
[EventRounds "6"]
[EventCountry "CAN"]

1. d4 e6 2. c4 f5 3. g3 Nf6 4. Bg2 d5 5. Nh3 c6 6. b3 Bd6 7. O-O O-O 8. Ba3 Ne4 9. Bxd6 Qxd6 10. f3 Nf6 11. Nd2 Nbd7 12. e4 dxe4 13. fxe4 Qxd4+ 14. Kh1 fxe4 15. Nxe4 Qxd1 16. Raxd1 Nxe4 17. Rxf8+ Kxf8 18. Bxe4 h6 19. Nf4 Nf6 20. Bg6 Ke7 21. Re1 Kd6 22. Rd1+ Ke7 23. Re1 Kd6 1/2-1/2

[Event "Alberta op"]
[Site "Calgary CAN"]
[Date "1998.10.10"]
[Round "2"]
[White "Tam, Eric"]
[Black "Ottosen, David"]
[Result "1/2-1/2"]
[WhiteElo "1709"]
[BlackElo "2095"]
[PlyCount "136"]
[GameId "2160767911806268"]
[EventDate "1998.10.10"]
[EventType "swiss"]
[EventRounds "6"]
[EventCountry "CAN"]
[SourceTitle "EXT 2017"]
[Source "ChessBase"]
[SourceDate "2016.10.25"]
[SourceVersion "1"]
[SourceVersionDate "2016.10.25"]
[SourceQuality "1"]

1. e4 c5 2. Nf3 Nc6 3. d4 cxd4 4. Nxd4 e5 5. Nb5 d6 6. N1c3 a6 7. Na3 Be7 8. Be2 Be6 9. O-O Nf6 10. f4 b5 11. f5 Bd7 12. Nd5 Nxe4 13. Qd3 Nc5 14. Qg3 Bf8 15. Bg5 Ne4 16. Bxd8 Nxg3 17. hxg3 Kxd8 18. Bh5 f6 19. c4 Ne7 20. Ne3 Rb8 21. Rad1 Nc6 22. cxb5 axb5 23. Rd5 Nd4 24. Nac2 Bc6 25. Nxd4 Bxd5 26. Nxd5 exd4 27. Re1 Kd7 28. Bf7 b4 29. Be6+ Kc6 30. Rc1+ Kb5 31. Nc7+ Ka5 32. Nd5 g6 33. Bd7 Bh6 34. Rc7 Be3+ 35. Kf1 Ra8 36. a3 Rhd8 37. Nxb4 gxf5 38. Rb7 Rab8 39. Rxb8 Rxd7 40. Nc6+ Ka6 41. b4 Rb7 42. a4 Kb6 43. Rxb7+ Kxb7 44. Ne7 f4 45. gxf4 Bxf4 46. Nd5 Bg5 47. Ke2 Kc6 48. Ne7+ Kd7 49. Nf5 Kc6 50. Nxd4+ Kb6 51. Kd3 h5 52. Ke4 Bd2 53. Nc2 Kc6 54. Kd4 f5 55. b5+ Kb6 56. Na3 Bf4 57. Nc4+ Kc7 58. Kd5 Bg3 59. b6+ Kb7 60. Nxd6+ Kxb6 61. Nxf5 Be1 62. Ng7 h4 63. Nf5 Ka5 64. Ke4 Kxa4 65. Kf4 h3 66. gxh3 Kb5 67. Ng3 Kc6 68. h4 Kd7 1/2-1/2

[Event "Alberta op"]
[Site "Calgary CAN"]
[Date "1998.10.11"]
[Round "3"]
[White "Ottosen, David"]
[Black "Vermette, Chris"]
[Result "1-0"]
[WhiteElo "2095"]
[BlackElo "1802"]
[PlyCount "51"]
[GameId "2160767911806269"]
[EventDate "1998.10.10"]
[EventType "swiss"]
[EventRounds "6"]
[EventCountry "CAN"]
[SourceTitle "EXT 2017"]
[Source "ChessBase"]
[SourceDate "2016.10.25"]
[SourceVersion "1"]
[SourceVersionDate "2016.10.25"]
[SourceQuality "1"]

1. d4 d6 2. e4 Nf6 3. Nc3 g6 4. f3 Bg7 5. Be3 O-O 6. Qd2 Nbd7 7. Bh6 e5 8. Nge2 Nxe4 9. Nxe4 Qh4+ 10. g3 Qxh6 11. Ng5 exd4 12. O-O-O d3 13. cxd3 Nc5 14. h4 Bh8 15. Nf4 Qg7 16. Nd5 Qe5 17. Nxc7 Qd4 18. Nxa8 Bf5 19. Nc7 Bxd3 20. Nb5 Rc8 21. Nc3 Na4 22. Bxd3 Nxb2 23. Qxb2 Rxc3+ 24. Bc2 Qe3+ 25. Kb1 Rc6 26. Rhe1 1-0

[Event "Alberta op"]
[Site "Calgary CAN"]
[Date "1998.10.11"]
[Round "4"]
[White "Grumic, Sasha"]
[Black "Gardner, Robert"]
[Result "1-0"]
[WhiteElo "2178"]
[BlackElo "2327"]
[PlyCount "93"]
[GameId "2160767911806270"]
[EventDate "1998.10.10"]
[EventType "swiss"]
[EventRounds "6"]
[EventCountry "CAN"]
[SourceTitle "EXT 2017"]
[Source "ChessBase"]
[SourceDate "2016.10.25"]
[SourceVersion "1"]
[SourceVersionDate "2016.10.25"]
[SourceQuality "1"]

1. e4 c5 2. c3 Nf6 3. e5 Nd5 4. d4 cxd4 5. cxd4 e6 6. Nc3 Nxc3 7. bxc3 Qc7 8. Bd2 b6 9. Nf3 d6 10. Bd3 Nd7 11. Qe2 dxe5 12. dxe5 Nc5 13. Bb5+ Bd7 14. O-O Be7 15. Rad1 O-O 16. Bxd7 Nxd7 17. Bf4 Rfd8 18. Rd4 Nf8 19. Rc4 Qb7 20. Rd4 Rxd4 21. cxd4 Rd8 22. Rc1 Ng6 23. Be3 Rd5 24. h3 Ra5 25. Rc2 Qa6 26. Qxa6 Rxa6 27. Nd2 Bf8 28. Nb3 Ne7 29. Kf1 b5 30. Ke2 Rc6 31. Rc5 Rxc5 32. dxc5 Nc8 33. Kd3 Be7 34. Na5 Kf8 35. Nb7 Ke8 36. c6 Ba3 37. Kc3 Ne7 38. Kb3 b4 39. Nd6+ Kd8 40. Bg5 Kc7 41. Bxe7 Kxc6 42. Nc4 Bc1 43. Bxb4 Kd5 44. Bc3 Bf4 45. g3 Bg5 46. f3 Be7 47. Ne3+ 1-0

[Event "Alberta op"]
[Site "Calgary CAN"]
[Date "1998.10.11"]
[Round "4"]
[White "Huber, Gregory"]
[Black "Odachowski, Arthur"]
[Result "1-0"]
[WhiteElo "2354"]
[BlackElo "2231"]
[PlyCount "93"]
[GameId "2160767911806271"]
[EventDate "1998.10.10"]
[EventType "swiss"]
[EventRounds "6"]
[EventCountry "CAN"]
[SourceTitle "EXT 2017"]
[Source "ChessBase"]
[SourceDate "2016.10.25"]
[SourceVersion "1"]
[SourceVersionDate "2016.10.25"]
[SourceQuality "1"]

1. e4 c5 2. d3 d6 3. f4 g6 4. Be3 Nc6 5. c3 Nf6 6. Be2 Bg7 7. Nd2 b6 8. h3 O-O 9. g4 e6 10. g5 Ne8 11. Ngf3 e5 12. Qc2 exf4 13. Bxf4 Qe7 14. O-O-O f5 15. gxf6 Nxf6 16. Bg5 Be6 17. Kb1 Rac8 18. h4 h6 19. Bxf6 Bxf6 20. Rdg1 Bf7 21. Nf1 b5 22. Ne3 Bg7 23. Rg2 Qb7 24. Rhg1 Ne7 25. h5 Qa6 26. b3 d5 27. exd5 Qf6 28. Ng4 Qf4 29. c4 g5 30. Qd2 Bxh5 31. Qxf4 Rxf4 32. Nfe5 Ng6 33. Nc6 Rcf8 34. Nxh6+ Kh7 35. Bxh5 Rf1+ 36. Kc2 R8f2+ 37. Rxf2 Rxf2+ 38. Kc1 Nf4 39. Rg3 Kxh6 40. Bd1 Rxa2 41. d6 bxc4 42. dxc4 Bb2+ 43. Kb1 Ra1+ 44. Kc2 Bf6 45. d7 Ra2+ 46. Kc1 Ra6 47. d8=Q 1-0

[Event "Alberta op"]
[Site "Calgary CAN"]
[Date "1998.10.11"]
[Round "4"]
[White "Kuczaj, Chris"]
[Black "Walker, Warrick"]
[Result "0-1"]
[WhiteElo "2165"]
[BlackElo "2246"]
[PlyCount "64"]
[GameId "2160767911806272"]
[EventDate "1998.10.10"]
[EventType "swiss"]
[EventRounds "6"]
[EventCountry "CAN"]
[SourceTitle "EXT 2017"]
[Source "ChessBase"]
[SourceDate "2016.10.25"]
[SourceVersion "1"]
[SourceVersionDate "2016.10.25"]
[SourceQuality "1"]

1. c4 d6 2. Nc3 f5 3. d4 g6 4. h4 Nf6 5. h5 Nxh5 6. Rxh5 gxh5 7. e4 c6 8. Qxh5+ Kd7 9. Bf4 fxe4 10. O-O-O Qe8 11. Qf5+ Kd8 12. Qxe4 Qg6 13. Qe3 Bf5 14. Nf3 Na6 15. Nh4 Qh5 16. Nxf5 Qxf5 17. Bd3 Qf7 18. g4 Nc7 19. b3 Ne6 20. Bg3 h5 21. g5 h4 22. g6 Qf6 23. Ne4 Qxd4 24. Qxd4 Nxd4 25. Ng5 hxg3 26. Kb1 g2 27. Nf7+ Kc7 28. Nxh8 Nf3 29. Nf7 g1=Q 30. Rxg1 Nxg1 31. Ng5 Bh6 32. Nf7 Bf4 0-1

[Event "Alberta op"]
[Site "Calgary CAN"]
[Date "1998.10.11"]
[Round "4"]
[White "Quiring, John"]
[Black "Ottosen, David"]
[Result "1/2-1/2"]
[WhiteElo "1940"]
[BlackElo "2095"]
[PlyCount "85"]
[GameId "2160767911806273"]
[EventDate "1998.10.10"]
[EventType "swiss"]
[EventRounds "6"]
[EventCountry "CAN"]
[SourceTitle "EXT 2017"]
[Source "ChessBase"]
[SourceDate "2016.10.25"]
[SourceVersion "1"]
[SourceVersionDate "2016.10.25"]
[SourceQuality "1"]

1. e4 c5 2. Nc3 Nc6 3. f4 g6 4. Nf3 e6 5. Bc4 Nge7 6. O-O Bg7 7. a3 O-O 8. d3 d5 9. Ba2 a6 10. Qe1 Nd4 11. Nxd4 cxd4 12. Ne2 dxe4 13. dxe4 d3 14. cxd3 Qxd3 15. Bb1 Qd8 16. Rf3 Nc6 17. Kh1 b5 18. Nc3 Na5 19. Bc2 Bb7 20. Be3 Nc4 21. Rd1 Qe7 22. Bc1 Rfd8 23. Rfd3 Rxd3 24. Rxd3 Rd8 25. Qd1 Rxd3 26. Bxd3 Nxa3 27. Qb3 Qd7 28. Qd1 Nc4 29. Qe2 Qd4 30. h3 Bf8 31. Bxc4 bxc4 32. Be3 Qd3 33. Qxd3 cxd3 34. Kg1 Bb4 35. e5 Kf8 36. Kf2 Ke7 37. g3 Kd7 38. Bd4 Bh1 39. h4 Bc6 40. Ke3 Bb5 41. Ne4 Kc6 42. Bc3 Bxc3 43. Nxc3 1/2-1/2

[Event "Alberta op"]
[Site "Calgary CAN"]
[Date "1998.10.11"]
[Round "4"]
[White "Sasata, Robert"]
[Black "Lapides, Andrew"]
[Result "1-0"]
[WhiteElo "2320"]
[BlackElo "2291"]
[PlyCount "45"]
[GameId "2160767911806274"]
[EventDate "1998.10.10"]
[EventType "swiss"]
[EventRounds "6"]
[EventCountry "CAN"]
[SourceTitle "EXT 2017"]
[Source "ChessBase"]
[SourceDate "2016.10.25"]
[SourceVersion "1"]
[SourceVersionDate "2016.10.25"]
[SourceQuality "1"]

1. d4 e6 2. e4 d5 3. Nc3 Bb4 4. e5 c5 5. Bd2 cxd4 6. Nb5 Bxd2+ 7. Qxd2 Nc6 8. f4 Nge7 9. Bd3 a6 10. Nd6+ Kf8 11. Nf3 Qb6 12. O-O-O Bd7 13. Ng5 Nd8 14. g4 f5 15. Rhg1 g6 16. Qf2 Ng8 17. Qh4 h6 18. gxf5 exf5 19. Nf3 Be8 20. Bxf5 gxf5 21. Rxg8+ Rxg8 22. Qxh6+ Ke7 23. Nxf5+ 1-0

[Event "Alberta op"]
[Site "Calgary CAN"]
[Date "1998.10.11"]
[Round "4"]
[White "Wong, Ford"]
[Black "Hughey, Micah"]
[Result "0-1"]
[WhiteElo "1956"]
[BlackElo "2097"]
[PlyCount "116"]
[GameId "2160767911806275"]
[EventDate "1998.10.10"]
[EventType "swiss"]
[EventRounds "6"]
[EventCountry "CAN"]
[SourceTitle "EXT 2017"]
[Source "ChessBase"]
[SourceDate "2016.10.25"]
[SourceVersion "1"]
[SourceVersionDate "2016.10.25"]
[SourceQuality "1"]

1. d4 d5 2. c4 e6 3. Nc3 c5 4. cxd5 exd5 5. g3 cxd4 6. Qxd4 Nf6 7. Bg2 Nc6 8. Qd1 Be6 9. Nf3 d4 10. Nb1 Bc5 11. O-O O-O 12. a3 Qd7 13. Qc2 Bb6 14. Rd1 Rac8 15. Qa4 Bh3 16. e3 Rfd8 17. exd4 Nxd4 18. Qxd7 Ne2+ 19. Kf1 Bxg2+ 20. Kxg2 Rxd7 21. Rxd7 Nxd7 22. Bd2 Rc2 23. Nc3 Nxc3 24. bxc3 f6 25. Re1 Kf7 26. Be3 Rxc3 27. Bxb6 Nxb6 28. Ra1 Nd5 29. Nd4 a6 30. a4 Rc4 31. Nf5 Kg6 32. Nd6 Rb4 33. a5 b5 34. axb6 Rxb6 35. Nc4 Rc6 36. Ra5 Nb4 37. Ne3 Kf7 38. Nd5 Nc2 39. Kf3 Ke6 40. Ke4 Kd6 41. Ne3 Nxe3 42. Kxe3 Kc7 43. h4 Kb6 44. Rd5 Rc5 45. Rd7 Rc7 46. Rd6+ Kb5 47. Rd5+ Kb4 48. Rd1 Re7+ 49. Kf3 a5 50. Rb1+ Kc4 51. Ra1 Ra7 52. Ke4 a4 53. Rc1+ Kb3 54. Rc6 Rb7 55. Kd3 a3 56. Rc3+ Kb2 57. Rc2+ Kb1 58. Re2 a2 0-1

[Event "Alberta op"]
[Site "Calgary CAN"]
[Date "1998.10.12"]
[Round "5"]
[White "Haessel, Dale"]
[Black "Daniluk, Jim"]
[Result "1-0"]
[WhiteElo "2310"]
[BlackElo "2121"]
[PlyCount "53"]
[GameId "2160767911806276"]
[EventDate "1998.10.10"]
[EventType "swiss"]
[EventRounds "6"]
[EventCountry "CAN"]
[SourceTitle "EXT 2017"]
[Source "ChessBase"]
[SourceDate "2016.10.25"]
[SourceVersion "1"]
[SourceVersionDate "2016.10.25"]
[SourceQuality "1"]

1. e4 c5 2. c3 Nf6 3. e5 Nd5 4. d4 cxd4 5. Qxd4 e6 6. Nf3 Nc6 7. Qe4 f5 8. Qe2 d6 9. c4 Nc7 10. Bf4 dxe5 11. Nxe5 Bb4+ 12. Nd2 O-O 13. g3 Nd4 14. Qd3 Na6 15. O-O-O Be7 16. Be3 Nc6 17. Nxc6 bxc6 18. Qxd8 Rxd8 19. Bg2 Nb4 20. a3 Nd3+ 21. Kc2 Rb8 22. b4 a5 23. Nb3 Nxb4+ 24. axb4 Rxb4 25. Nxa5 Rxd1 26. Rxd1 Bf6 27. Rb1 1-0

[Event "Alberta op"]
[Site "Calgary CAN"]
[Date "1998.10.12"]
[Round "5"]
[White "Huber, Gregory"]
[Black "Sasata, Robert"]
[Result "1/2-1/2"]
[WhiteElo "2354"]
[BlackElo "2320"]
[PlyCount "40"]
[GameId "2160767911806277"]
[EventDate "1998.10.10"]
[EventType "swiss"]
[EventRounds "6"]
[EventCountry "CAN"]
[SourceTitle "EXT 2017"]
[Source "ChessBase"]
[SourceDate "2016.10.25"]
[SourceVersion "1"]
[SourceVersionDate "2016.10.25"]
[SourceQuality "1"]

1. e4 e6 2. d4 d5 3. Nd2 Nf6 4. e5 Nfd7 5. Bd3 c5 6. c3 Nc6 7. Ne2 cxd4 8. cxd4 Qb6 9. O-O Nxd4 10. Nxd4 Qxd4 11. Nf3 Qb6 12. Qa4 Qb4 13. Qc2 Nc5 14. Bd2 Qa4 15. b3 Qd7 16. Be2 b6 17. b4 Ba6 18. Bxa6 Nxa6 19. a3 Be7 20. Qd3 b5 1/2-1/2

[Event "Alberta op"]
[Site "Calgary CAN"]
[Date "1998.10.12"]
[Round "5"]
[White "Lapides, Andrew"]
[Black "Hughey, Micah"]
[Result "0-1"]
[WhiteElo "2291"]
[BlackElo "2097"]
[PlyCount "64"]
[GameId "2160767911806278"]
[EventDate "1998.10.10"]
[EventType "swiss"]
[EventRounds "6"]
[EventCountry "CAN"]
[SourceTitle "EXT 2017"]
[Source "ChessBase"]
[SourceDate "2016.10.25"]
[SourceVersion "1"]
[SourceVersionDate "2016.10.25"]
[SourceQuality "1"]

1. d4 d5 2. e3 c5 3. c3 Nc6 4. Bd3 e5 5. dxe5 Nxe5 6. Nf3 Nxd3+ 7. Qxd3 Nf6 8. O-O Bd6 9. b3 O-O 10. Bb2 Qe7 11. c4 Be6 12. Nbd2 Rfd8 13. Qc2 Rac8 14. h3 Bb8 15. Rfe1 dxc4 16. bxc4 h6 17. e4 a6 18. a4 b6 19. Nf1 Bd7 20. Ne3 b5 21. axb5 axb5 22. Nd5 Nxd5 23. cxd5 c4 24. Bd4 b4 25. e5 Bb5 26. d6 Qb7 27. Re4 b3 28. Qb1 c3 29. Rg4 b2 30. Rxg7+ Kxg7 31. e6+ Kg8 32. e7 Rxd6 0-1